Normal view MARC view

Entry Topical Term

Number of records used in: 1

001 - CONTROL NUMBER

  • control field: 28267

003 - CONTROL NUMBER IDENTIFIER

  • control field: dpl

005 - DATE AND TIME OF LATEST TRANSACTION

  • control field: 20110526114739.0

008 - FIXED-LENGTH DATA ELEMENTS

  • fixed length control field: 110526|||a|||||| | ||| d

040 ## - CATALOGING SOURCE

  • Original cataloging agency: dpl
  • Transcribing agency: dpl

150 ## - HEADING--TOPICAL TERM

  • Topical term or geographic name as entry element: लधु कथएँ, हिन्दी

670 ## - SOURCE DATA FOUND

  • Source citation: Work cat.: (dpl)37322: महाजन, उषा 909, 21 श्रेष्ठ कहानियाँ /, 2010

670 ## - SOURCE DATA FOUND

  • Source citation: Work cat.: (dpl)37322: महाजन, उषा 909, 21 श्रेष्ठ कहानियाँ /, 2010

© Delhi Public Library
Hit Counter
free hit counter